01216cam a22002894a 4500999001700000001000900017005001700026008004100043010001700084020003500101042000800136043001200144050002200156245017900178260004800357300002600405440003200431504005100463610003000514650005800544650005500602700002900657700002600686856007600712942001500788952012300803 c27251d272511386111220170208082947.0050204s2005 nyu b 001 0 eng  a 2005041756 a0807745901 (cloth : alk paper) apcc an-us-ny00aNX311 .N4C66 200500aCommunity in the making :bLincoln Center Institute, the arts, and teacher education /cedited by Madeleine Fuchs Holzer and Scott Noppe-Brandon ; foreword by Maxine Greene. aNew York :bTeachers College Press,cc2005. axiv, 210 p. ;c24 cm. 4aThe series on school reform aIncludes bibliographical references and index.20aLincoln Center Institute. 0aArtsxStudy and teachingzNew York (State)zNew York. 0aTeachersxTraining ofzNew York (State)zNew York.1 aHolzer, Madeleine Fuchs.1 aNoppe-Brandon, Scott.413Table of contentsuhttp://www.loc.gov/catdir/toc/fy0601/2005041756.html 2lcccBOOKS 00102lcc4070aMUCbMUCcTECHd2017-02-08eDonation(BFA)l0oNX311 .N4C66 2005p34816r2018-08-07w2017-02-08yBOOKS